000 00887cam a2200217 4500
001 WB3710-01
008 000000n2001 000 0 eng u
035 _a(Sirsi) u111277
245 _aMassive investment in internet infrastructure forecast
260 _c2001
490 _aBuilding
_v266(8171) 2 March 2001, 18(1)
520 _aFigures released by "Building" suggest that construction spend on co-location centres over the next 3 years could be up to £500m in the UK and a considerable £3.5bn in Europe. An Ernst and Young report "Executive Exchange", due to be published next month, backs up this promise of a potential cash bonanza for construction.
590 _aWB
650 _aERNST AND YOUNG
650 _aFORECASTS
650 _aINTERNET HOSTING CENTRES
650 _aTELECOMMUNICATIONS
650 _aDATA CENTRES
690 _aBUILT ENVIRONMENT
942 _n0
999 _c66305
_d66305